000 00208nam a2200097Ia 4500
008 131103s9999 xx 000 0 und d
040 _aLoreto College
041 _aEnglish
245 _afhgjhjlklk
942 _cBK
999 _c6239
_d56718